1755 1496 1322 1049 1186 1440 1098 1204 1376 1506 1727 1009 1683 1943 1718 1426 1012 1319 1697 1626 1185 1382 1529 1665 1903 1292 1764 1612 1292 1629 1609 1482 1978 1955 1170 1557 1648 1638 1527 1081 1474 1058 1677 1684 1225 1980 1367 1455 1262 1018 1992 1788 1516 1816 1729 1471 1271 1440 1200 1918 1436 1260 1358 1147 1126 1053 1743 1757 1267 1300 1470 1199 1301 1690 1763 1929 1504 1001 1905 1482 1315 1148 1376 1315 1479 1641 1387 1691 1479 1190 1988 1440 1307 1353 1590 1242 1370 1963 1296 BCNSPRNW ULIB Ver.6.0+V

เปลี่ยนเป็นภาษาไทย

Change to English
 แสดงรายละเอียดบรรณานุกรม
  กลับหน้าหลัก

Brief Record : Get Marc (ISO 2709) : E-mail record : QR code < ปิดหน้าต่าง
LEADER : 00000nam 2200000uu 4500
001    13399124122
003     ULIB
008    150119s2555||||th 000 0 tha d
020    ^a9786163211651
060 04 ^aQT100^bร326ส
100 0  ^aรัชฎา แก่นสาร์
245 10 ^aสรีรวิทยา 1 /^cรัชฎา แก่นสาร์
250    ^aพิมพ์ครั้งที่ 1
260    ^aนนทบุรี :^bโครงการสวัสดิการวิชาการ สถาบันพระบรมราชชนก.^c2555
300    ^a406หน้า :^bภาพประกอบ ;^c26 ซม.
500    ^aSend to Single Search
650  2 ^aPhysiology
650  4 ^aสรีรวิทยา
710  2 ^aกระทรวงสาธารณสุข.^bสถาบันพระบรมมราชชนก.
945    ^p320^l0^i038374
945    ^p320^l0^i038375
945    ^p320^l0^i038376
945    ^p320^l0^i038377
945    ^p320^l0^i038378
999    ^aเกษร โพธิ์สุวรรณ
รายการนี้ยังไม่มีแท็ก
คุณยังไม่ได้ล็อกอิน คุณสามารถมีกิจกรรมร่วมกับเว็บไซต์ได้ แต่ต้องล็อกอินก่อน ::
  ล็อกอิน

รายการสื่อสารสนเทศ

ลำดับที่ ประเภท เลขเรียก/บาร์โค้ด สถานที่ สถานะ
1. วิทยาศาสตร์การแพทย์ และสุขภาพ
หนังสือสำรอง
สถานะ=หนังสือสำรอง
QT100 ร326ส ฉ.1 
  Barcode: 038374
ห้องสมุดวิทยาเขตสวรรค์ประชารักษ์
►ส่วนจัดเก็บหนังสือเก่า สปร
บนชั้น
  ขอยืม
2. วิทยาศาสตร์การแพทย์ และสุขภาพ
วิทยาศาสตร์การแพทย์ และสุขภาพ
QT100 ร326ส ฉ.2 
  Barcode: 038375
ห้องสมุดวิทยาเขตสวรรค์ประชารักษ์
►ส่วนจัดเก็บหนังสือเก่า สปร
บนชั้น
  ขอยืม
3. วิทยาศาสตร์การแพทย์ และสุขภาพ
วิทยาศาสตร์การแพทย์ และสุขภาพ
QT100 ร326ส ฉ.3 
  Barcode: 038376
ห้องสมุดวิทยาเขตสวรรค์ประชารักษ์
►ส่วนจัดเก็บหนังสือเก่า สปร
บนชั้น
  ขอยืม
4. วิทยาศาสตร์การแพทย์ และสุขภาพ
วิทยาศาสตร์การแพทย์ และสุขภาพ
QT100 ร326ส ฉ.4 
  Barcode: 038377
ห้องสมุดวิทยาเขตสวรรค์ประชารักษ์
►ส่วนจัดเก็บหนังสือเก่า สปร
บนชั้น
  ขอยืม
5. วิทยาศาสตร์การแพทย์ และสุขภาพ
วิทยาศาสตร์การแพทย์ และสุขภาพ
QT100 ร326ส ฉ.5 
  Barcode: 038378
ห้องสมุดวิทยาเขตสวรรค์ประชารักษ์
►ส่วนจัดเก็บหนังสือเก่า สปร
บนชั้น
  ขอยืม

รายการใกล้เคียง
    ผู้แต่ง [รัชฎา แก่นสาร์]

    หัวเรื่อง [Physiology]
    หัวเรื่อง [สรีรวิทยา]

BibComment


ยังไม่เคยถูกคอมเมนท์

คอมเมนท์ทรัพยากรรายการนี้
  คอมเมนท์: สรีรวิทยา 1 รัช..


 Copyright 2026. Bcnsprnw @Library